| 000 | 01699cam0 2200373 ib4500 | ||
|---|---|---|---|
| 001 | BY-HR0011-br6537462 | ||
| 005 | 20251113144627.0 | ||
| 010 |
^a978-985-7317-17-2 ^bв переплете |
||
| 100 | ^a20251013d2025 c y0rusy50 ca | ||
| 101 | 0 | ^arus | |
| 102 | ^aRU | ||
| 105 | ^aa z 000zy | ||
| 109 |
^ama ^aea |
||
| 200 | 1 |
^a100 притч для детей ^fавтор-составитель И. А. Токарева ^gхудожник В. Э. Бартлов |
|
| 210 |
^aМинск ^cБелорусская Православная Церковь ^d2025 |
||
| 215 |
^a122, [5] с. ^cцв. ил. ^d21 см |
||
| 333 | ^a6+ | ||
| 345 | ^95000 экз. | ||
| 532 | 1 | 1 | ^aСто притч для детей |
| 608 |
^aДЕТСКАЯ И ЮНОШЕСКАЯ ЛИТЕРАТУРА (художеств. произведение) ^3BY-NLB-ar9019 ^2BYGNR |
||
| 608 |
^aДУХОВНАЯ ПРОЗА (лит. произведение) ^3BY-NLB-ar10066 ^2BYGNR |
||
| 608 |
^aПРИТЧА (лит. произведение) ^3BY-NLB-ar25639 ^2BYGNR |
||
| 615 |
^aБелорусский национальный документ ^3BY-SEK-ar1826174 |
||
| 686 |
^a84(4Беи) ^2rubbk |
||
| 690 |
^a1 ^2Base ^9BY-MI0015 ^xRSEK |
||
| 702 | 1 |
^aТокарева ^bИ. А. ^gИрина Александровна ^cдетская литература ^3BY-NLB-ar11166611 ^4220 |
|
| 702 | 1 |
^aБартлов ^bВ. Э. ^gВячеслав Эдуардович ^3BY-SEK-367382 ^4040 |
|
| 801 | 0 |
^aBY ^bBY-HR0011 ^c20251013 ^gRCR |
|
| 801 | 2 |
^aBY ^bBY-MI0015 ^c20251113 ^gRCR |
|
| 035 | ^a(BY-MI0015)BY-HR0011-br6537462 | ||
| 899 | 0 |
^aBY-MI0015 ^iС81 ^h84(4Беи) |
|